Mountain bike brands - Statistics

General Stats
  • This quiz has been taken 493 times
  • The average score is 6 of 15
Answer Stats
Hint Answer % Correct
session trek
89%
stuntjumper specialised
85%
nomad Santa Cruz
78%
sender canyon
68%
capra yt
65%
sb150 yeti
57%
meta commencal
52%
fury gt
49%
stinky kona
47%
myst saracen
14%
sl amr ghost
12%
polygon
9%
Jaspar canondale
6%
Whyte
6%
zesty lapeire
3%
No matching quizzes found
Score Distribution
Percent of People with Each Score
Percentile by Number Answered
Your Score History
You have not taken this quiz